INDIAN PHARMACOPOEIA 1996 (Record no. 35023)
[ view plain ]
| 000 -LEADER | |
|---|---|
| fixed length control field | 00424nam a22001577a 4500 |
| 003 - CONTROL NUMBER IDENTIFIER | |
| control field | SGT |
| 082 ## - DEWEY DECIMAL CLASSIFICATION NUMBER | |
| Classification number | 615.53 |
| Item number | I96M |
| 100 ## - MAIN ENTRY--PERSONAL NAME | |
| Personal name | MINISTRY OF HEALTH & FAMILY WELFARE, GOVT OF INDIA |
| 245 ## - TITLE STATEMENT | |
| Title | INDIAN PHARMACOPOEIA 1996 |
| 260 ## - PUBLICATION, DISTRIBUTION, ETC. (IMPRINT) | |
| Place of publication, distribution, etc | DELHI |
| Name of publisher, distributor, etc | THE CONTRALLER OF PUBLICATION |
| Year of Publication | 1996 |
| 300 ## - PAGE DESCRIPTION | |
| No. of Pages | 552, A-15.2.,I-28 |
| 650 ## - SUBJECT ADDED ENTRY--TOPICAL TERM | |
| Topical term or geographic name as entry element | PHARMACY |
| 653 ## - KEYWORDS--INDEX TERM | |
| Keyword term | INDIAN, PHARMACOPOEIA, 1996 |
| 942 ## - ADDED ENTRY ELEMENTS (KOHA) | |
| Source of classification or shelving scheme | Dewey Decimal Classification |
| Koha item type | Books |
| Withdrawn status | Lost status | Source of classification or shelving scheme | Damaged status | Use restrictions | Not for loan | Collection code | Home library | Current library | Shelving location | Date acquired | Vendor Name | Cost, normal purchase price | Volume Information (Serial or Books or Non-Book Material) | SGTU | Total Checkouts | Full call number | Accession No. (Barcode) | Date last seen | Bill Date | Koha item type |
|---|---|---|---|---|---|---|---|---|---|---|---|---|---|---|---|---|---|---|---|---|
| Dewey Decimal Classification | Restricted Access | PHARMACY | SGT FA-FP Library | SGT FA-FP Library | On Display | 03/07/2026 | SGT UNIVERSITY Dr. ATUL NASA | 5000.00 | 1 | SGTU | 615.53 I96M | FP5686G | 03/07/2026 | 03/07/2026 | Books | |||||
| Dewey Decimal Classification | Restricted Access | PHARMACY | SGT FA-FP Library | SGT FA-FP Library | On Display | 03/07/2026 | SGT UNIVERSITY Dr. ATUL NASA | 5000.00 | 1 | SGTU | 615.53 I96M | FP5687G | 03/07/2026 | 03/07/2026 | Books | |||||
| Dewey Decimal Classification | Restricted Access | PHARMACY | SGT FA-FP Library | SGT FA-FP Library | On Display | 03/07/2026 | SGT UNIVERSITY Dr. ATUL NASA | 5000.00 | 2 | SGTU | 615.53 I96M | FP5688G | 03/07/2026 | 03/07/2026 | Books | |||||
| Dewey Decimal Classification | Restricted Access | PHARMACY | SGT FA-FP Library | SGT FA-FP Library | On Display | 03/07/2026 | SGT UNIVERSITY Dr. ATUL NASA | 5000.00 | 2 | SGTU | 615.53 I96M | FP5689G | 03/07/2026 | 03/07/2026 | Books |